| 000 | 00912nam a22002057a 4500 | ||
|---|---|---|---|
| 999 |
_c12287 _d12287 |
||
| 003 | AR-CdUCM | ||
| 008 | 190408b ||||| |||| 00| 0 spa d | ||
| 040 |
_aMUNICIPALIDAD PROVINCIAL DEL CUSCO _cBIBLIOTECA MUNICIPAL DEL CUSCO |
||
| 082 |
_a540 / _bR84 / 1865 |
||
| 100 |
_aRosa Coro, Agustín De La _930072 |
||
| 245 |
_aQuímica o estudio de las combinaciones y descomposiciones de los cuerpos : _bcon aplicaciones a la agricultura y otras industrias / |
||
| 260 |
_aLima : _bJ. R. Montemayor, _c1865. |
||
| 300 |
_a64 páginas ; _c15 cm. |
||
| 505 | _aContenido: Definición de la botánica -- Relación que tienen las plantas con los animales -- Formas de las plantas -- Colores de las plantas -- Funciones de las plantas -- Enfermedades -- Taxonomía ... | ||
| 650 |
_aBotánica _92790 |
||
| 650 |
_aFisiología _94959 |
||
| 650 |
_aTaxonomía _918622 |
||
| 942 |
_2ddc _cLIBROS |
||
| 945 |
_aacv _d08/04/2019 |
||